| 000 | 00587nam a22001937a 4500 | ||
|---|---|---|---|
| 999 |
_c17518 _d17518 |
||
| 003 | AR-CdUCM | ||
| 008 | 190508b ||||| |||| 00| 0 spa d | ||
| 040 |
_aMUNICIPALIDAD PROVINCIAL DEL CUSCO _cBIBLIOTECA MUNICIPAL DEL CUSCO |
||
| 082 |
_a869.63 / _bJ92 |
||
| 100 |
_aJurado, Ramón H.. _937566 |
||
| 245 |
_aDesertores : _bNovela / |
||
| 260 |
_aLima : _bLatinoamericana, _c1973. |
||
| 300 |
_a203 páginas ; _c19 cm. |
||
| 440 |
_aPrimer festival del libro centroamericano. _937567 |
||
| 500 | _aNovela. | ||
| 650 |
_aNovela. _95 |
||
| 942 |
_2ddc _cLIBROS |
||
| 945 |
_arum _d2019-05-08 |
||